000 00399cam a22001337a 4500
008 180718b xxu||||| |||| 00| 0 eng d
082 _aW1009x54 In2
100 _aMukhtar, Ahmed
245 _aNon-gazetted railway services
_cby Ahmed Mukhtar
260 _aDelhi
_bManager of Publication
_c
300 _a127p.
500 _aLabour Investigation Committee Government of India
650 _aRailway services
999 _c430993
_d430993